American Countries - Sudden Death - Statistics

General Stats
  • This quiz has been taken 141 times
  • The average score is 9 of 12
Answers on the Grid
Answers color-coded by a green-red scale on the quiz's grid according to % correct below.
Bahamas
Benin
Chile
Suriname
Bermuda
Marshall Islands
Haiti
Mexico
Peru
Tuvalu
Maldives
Canada
Argentina
Costa Rica
Grenada
Guinea
Malta
Tonga
Azerbaijan
Venezuela
Nicaragua
Mauritania
Serbia
Andorra
 
Answer Stats
Answer % Correct
Bahamas
98%
Chile
89%
Mexico
80%
Suriname
78%
Haiti
73%
Argentina
69%
Canada
69%
Costa Rica
69%
Nicaragua
68%
Peru
68%
Venezuela
67%
Grenada
59%
No matching quizzes found
Score Distribution
Percent of People with Each Score
Percentile by Number Answered
Your Score History
You have not taken this quiz